|
|
|
|
| LEADER |
00000nam0a2200000 4500 |
| 001 |
343073 |
| 005 |
20231102005523.0 |
| 010 |
|
|
|a 9785902665854
|
| 035 |
|
|
|a (RuTPU)RU\TPU\book\372824
|
| 035 |
|
|
|a RU\TPU\book\214289
|
| 090 |
|
|
|a 343073
|
| 100 |
|
|
|a 20110524d2019 m y0rusy50 ca
|
| 101 |
0 |
|
|a rus
|
| 102 |
|
|
|a RU
|
| 105 |
|
|
|a a j 001zy
|
| 200 |
1 |
|
|a Планирование на предприятиях нефтегазового комплекса
|e учебник
|f А. Ф. Андреев, О. А. Сергеева, С. И. Петрушкин
|g Российский государственный университет нефти и газа им. И. М. Губкина (РГУ Нефти и Газа)
|
| 210 |
|
|
|a Москва
|c ЦентрЛитНефтеГаз
|d 2019
|
| 215 |
|
|
|a 382 с.
|c ил.
|
| 320 |
|
|
|a Библиогр.: с. 377
|
| 330 |
|
|
|a В книге приведены понятия, рассмотрены сущность, задачи, принципы и методы планирования, как одной из важнейших функций менеджмента, особенности разработки стратегических планов компаний нефтяной и газовой промышленности, описаны маркетинговые стратегии этих организаций. Большое внимание уделено планированию потенциала промышленного предприятия, особенностям планирования производства и реализации продукции геологоразведочных, буровых, добывающих, нефтеперерабатывающих и транспортирующих организаций, планированию технического обслуживания производства, производственных издержек и финансовых результатов производственно-коммерческой деятельности, бизнес-планированию и т.д. Учебник предназначен для студентов нефтегазовых вузов и факультетов, обучающихся по направлениям "Экономика" и "Менеджмент" (уровень бакалавриата и магистратуры), технических направлений и специальностей. Он может быть полезен слушателям системы повышения квалификации и переподготовки специалистов нефтегазового комплекса.
|
| 606 |
1 |
|
|a Нефтяные предприятия
|x Планирование
|2 stltpush
|3 (RuTPU)RU\TPU\subj\46015
|9 55886
|
| 610 |
1 |
|
|a нефтегазовые предприятия
|
| 610 |
1 |
|
|a стратегическое планирование
|
| 610 |
1 |
|
|a маркетинговая стратегия
|
| 610 |
1 |
|
|a планы
|
| 610 |
1 |
|
|a контроль
|
| 610 |
1 |
|
|a анализ
|
| 610 |
1 |
|
|a показатели
|
| 610 |
1 |
|
|a продукция
|
| 610 |
1 |
|
|a ресурсное обеспечение
|
| 610 |
1 |
|
|a труд
|
| 610 |
1 |
|
|a инновационная деятельность
|
| 610 |
1 |
|
|a техническое обслуживание
|
| 610 |
1 |
|
|a издержки
|
| 610 |
1 |
|
|a финансирование
|
| 610 |
1 |
|
|a финансовые планы
|
| 610 |
1 |
|
|a бизнес-планы
|
| 610 |
1 |
|
|a система планов
|
| 610 |
1 |
|
|a информационные технологии
|
| 610 |
1 |
|
|a учебники
|
| 675 |
|
|
|a 622.323.012:658.012(075.8)
|v 3
|
| 700 |
|
1 |
|a Андреев
|b А. Ф.
|g Александр Федорович
|
| 701 |
|
1 |
|a Сергеева
|b О. А.
|g Ольга Александровна
|
| 701 |
|
1 |
|a Петрушкин
|b С. И.
|g Сергей Иванович
|
| 712 |
0 |
2 |
|a Российский государственный университет нефти и газа им. И. М. Губкина (РГУ Нефти и Газа)
|c (Москва)
|c (1998- )
|2 stltpush
|3 (RuTPU)RU\TPU\col\408
|
| 801 |
|
1 |
|a RU
|b 63413507
|c 20190619
|
| 801 |
|
2 |
|a RU
|b 63413507
|c 20190910
|g RCR
|
| 942 |
|
|
|c BK
|
| 959 |
|
|
|a 8/20190619
|d 5
|e 1382,00
|f ЧЗТЛ:1
|f УФ:4
|